Prognóza vývoja rodín a domácností na Slovensku do roku 2030

Salvato in:
Dettagli Bibliografici
Autore principale: Šprocha, Branislav
Altri autori: Vaňo, Boris, Bleha, Branislav
Natura: Libro
Lingua:slovacco
Pubblicazione: Bratislava Prognostický ústav Slovenskej akadémie vied 2014
Edizione:1. vyd.
Soggetti:
Tags: Aggiungi Tag
Nessun Tag, puoi essere il primo ad aggiungerne!!

MARC

LEADER 00000nam a2200000 4500
001 0194389
005 20240314094522.1
020 |a 978-80-225-3961-6 
041 0 |a slo 
044 |a SK 
245 1 0 |a Prognóza vývoja rodín a domácností na Slovensku do roku 2030  |c Branislav Šprocha, Boris Vaňo, Branislav Bleha 
250 |a 1. vyd. 
264 1 |a Bratislava  |b Prognostický ústav Slovenskej akadémie vied  |c 2014 
300 |a 128 s. 
610 2 0 |a prognózy demografické 
610 2 0 |a domácnosti 
610 2 0 |a rodina 
610 2 0 |a bývanie 
610 2 0 |a manželstvo 
100 1 |a Šprocha, Branislav 
700 1 |a Vaňo, Boris 
700 1 |a Bleha, Branislav